পুলিশ-ম্যাজিস্ট্রেট এবং আইন-আদালত. প্রথম খন্ড /

Մատենագիտական մանրամասներ
Հիմնական հեղինակ: শফিউল ইসলাম
Ձևաչափ: Գիրք
Լեզու:Bengali
Հրապարակվել է: ঢাকা : মুক্তচিন্তা প্রকাশনা, ২০০৭.
Խորագրեր:
Classic Catalogue: View this record in Classic Catalogue
LEADER 01205nam a2200229 a 4500
001 0017342
003 BD-DhAAL
008 120307s2007 bg 000 0 ben d
020 |a 9848435603 
040 |a BD-DhAAL  |c BD-DhAAL 
082 0 0 |a 347.095492  |2 22 
100 1 |a শফিউল ইসলাম  |9 58752 
245 1 0 |a পুলিশ-ম্যাজিস্ট্রেট এবং আইন-আদালত.  |n প্রথম খন্ড /  |c শফিউল ইসলাম. 
260 |a ঢাকা :  |b মুক্তচিন্তা প্রকাশনা,  |c ২০০৭. 
300 |a ৮০ পৃ. ;  |c ২২ সে.মি. 
526 |a AAL  |x Hasina Afroz University Librarian BRAC University 
541 1 |e 0017342  |a A H Development Publishing House 
650 0 |a Police magistrates  |z Bangladesh  |9 58753 
852 1 |a Ayesha Abed Library   |c General Stacks 
942 |2 ddc  |c BK 
999 |c 11939  |d 11939 
952 |0 0  |1 0  |2 ddc  |4 0  |6 347_095492000000000_SHA  |7 0  |9 19604  |a BRACUL  |b BRACUL  |c GEN  |d 2012-03-07  |e A H Development Publishing House  |g 100.00  |l 11  |m 67  |o 347.095492 SHA  |p 3010017342  |r 2025-10-23  |s 2025-10-16  |t 1  |w 2012-03-07  |y BK  |x Requisitioned by Hasina Afroz, University Librarian, Ayesha Abed Library, BRAC University.